Nationalité N° draft NBA - Statistiques

Statistiques générales
  • Ce quiz a été pris 1 168 fois
  • Le résultat moyen est 4 sur 9
Statistiques - réponses
Nombre de Joueurs Pays % Correct
61 Etats-Unis
100%
2 Canada
88%
2 Australie
54%
1 Italie
53%
1 Chine
49%
2 Nigéria
35%
2 Bahamas
24%
1 République Dominicaine
15%
1 Iles Vierges
7%
Aucun quiz correspondant
Distribution des résultats
% des personnes avec chaque résultat
Percentile par nombre de réponses
Votre historique - résultats
Vous n’avez pas pris ce quiz